|
|
|
|
| LEADER |
01124nam a22002657i 4500 |
| 001 |
IT\ICCU\MIL\0099238 |
| 003 |
GR-PaULI |
| 005 |
20210117210949.0 |
| 008 |
920511s1991 us 001 eng d |
| 952 |
|
|
|0 0
|1 0
|2 ddc
|4 0
|6 Π_Σ_515_000000000000000_BRE
|7 0
|8 NFIC
|9 235126
|a LISP
|b LISP
|c REF
|d 2019-09-16
|i 079973
|l 0
|o Π/Σ 515 BRE
|p 025000115754
|r 2019-09-16 00:00:00
|t 1
|v 2019.00
|w 2019-09-16
|y BK15
|
| 999 |
|
|
|c 142506
|d 142506
|
| 020 |
|
|
|a 038797606X
|
| 020 |
|
|
|a 354097606X
|
| 040 |
|
|
|b gre
|a GR-PaULI
|c GR-PaULI
|e AACR2
|
| 082 |
0 |
4 |
|a 515
|2 23
|
| 100 |
1 |
|
|a Bressoud, David M.
|9 48683
|d 1950-
|e συγγραφέας.
|
| 245 |
1 |
0 |
|a Second year calculus :
|b from celestial mechanics to special relativity /
|c David M. Bressoud.
|
| 260 |
|
|
|a New York :
|b Springer,
|c c1991.
|
| 300 |
|
|
|a xi, 386 σ. ;
|c 24 εκ.
|
| 490 |
1 |
|
|a Undergraduate texts in mathematics
|
| 504 |
|
|
|a Περιλαμβάνει βιβλιογραφικές παραπομπές και ευρετήριο.
|
| 650 |
|
4 |
|a Λογισμός
|9 3056
|
| 830 |
|
0 |
|a Undergraduate texts in mathematics (Springer)
|9 166152
|
| 942 |
|
|
|2 ddc
|c BKN
|
| 998 |
|
|
|c ΜΠΟΥΡΑΣ
|d 2019-09
|